गर्भावस्था शिशु का पालन पोषण/ (Record no. 142908)

MARC details
000 -LEADER
fixed length control field 00738nam a22001817a 4500
005 - DATE AND TIME OF LATEST TRANSACTION
control field 20250204132333.0
010 ## - LCCN (DPL NO)
LC control number HIN-112765
020 ## - INTERNATIONAL STANDARD BOOK NUMBER
Terms of availability 350.00
International Standard Book Number 9788190205474
035 ## - SYSTEM CONTROL NUMBER
System control number HN-85111
037 ## - SOURCE OF ACQUISITION
Source of stock number/acquisition DBAD/PUB
082 ## - DEWEY DECIMAL CLASSIFICATION NUMBER
Classification number 613.04244
100 ## - MAIN ENTRY--PERSONAL NAME
Personal name सोढ़ानी,अरविन्द
245 ## - TITLE STATEMENT
Title गर्भावस्था शिशु का पालन पोषण/
Statement of responsibility, etc अरविन्द सोढ़ानी
260 ## - PUBLICATION, DISTRIBUTION, ETC. (IMPRINT)
Place of publication, distribution, etc जयपुर
Name of publisher, distributor, etc पापुलर बुक डिपो
Date of publication, distribution, etc 2017
270 ## - ADDRESS
Address जी-15, धामाणी गली
City जयपुर
Postal code 302003
300 ## - PHYSICAL DESCRIPTION
Extent 85पृ.
Dimensions 21से.मी (सजिल्द)
942 ## - ADDED ENTRY ELEMENTS (KOHA)
Source of classification or shelving scheme Dewey Decimal Classification
Item type Hindi Books
Classification part 613.04244
Call number suffix सोढ़ानी
Holdings
Withdrawn status Lost status Not for loan Collection code Home library Current library Date acquired Source of acquisition Cost, normal purchase price Full call number Barcode Copy number Cost, replacement price Koha item type
      Non-fiction Vinoba Puri Vinoba Puri 27/07/2017 DBAD/PUB 350.00 613.04244 सोढ़ानी HN-85111 1 350.00 Hindi Books

© Delhi Public Library
Hit Counter
free hit counter